| 000 | 01126ngm a22003490a 4500 | ||
|---|---|---|---|
| 001 | PT13977 | ||
| 003 | AR-LpoUNG | ||
| 005 | 20210202000515.0 | ||
| 007 | vd cvaizq | ||
| 008 | 191001s1998||||ag |||||||||||||||||spa d | ||
| 040 |
_aAR-LpoUNG _bspa _cAR-LpoUNG _eaacr |
||
| 041 | _aspa | ||
| 044 | _aag | ||
| 082 | 0 | _a909.8 591v3 | |
| 245 | 1 | 0 |
_a1914-1920, novedad en el frente : _bde Sarajevo a la primera guerra mundial |
| 260 |
_aBuenos Aires : _bArte Gráfico Editorial Argentino, _c1998. |
||
| 300 | _aVHS (35 min.) : son., col. | ||
| 520 | _aSumario: Primera guerra mundial; Vacunación obligatoria en la Argentina; Radicales en el gobierno; Nobel de literatura; Nuevo diseño de Coca-cola; Nieva en Buenos Aires; Revolución socialista en Alemania; Reforma Universitaria. | ||
| 650 | 4 | _aALEMANIA | |
| 650 | 4 | _aARGENTINA | |
| 650 | 4 | _aCONFLICTOS ARMADOS | |
| 650 | 4 | _aESTADOS UNIDOS | |
| 650 | 4 | _aEUROPA | |
| 650 | 4 | _aFUERZAS ARMADAS | |
| 650 | 4 | _aMARCAS | |
| 650 | 4 | _aNACIONALISMO | |
| 650 | 4 | _aSALUD | |
| 653 | _aVIDEOS | ||
| 710 | 2 | _aClarín (Buenos Aires) | |
| 905 | _a13977 | ||
| 942 | _cVIDEO | ||
| 999 |
_c54976 _d54976 |
||